000 00750nam a2200217 4500
001 174412
003 ES-MaACL
005 20230906215523.0
008 100416s1970 mx |||| |dspa d
080 _a821.134.2(729.5)-14"19"
100 1 _aLloréns Torres, Luis.
_972896
245 1 0 _aVoces de la campana mayor /
_cLuis Lloréns Torres ; introducción, Carlos de Arce.
250 _a3ª ed.
260 _aSan Juan de Puerto Rico :
_bCordillera,
_c1970 (
_eMéxico)
300 _a136 p. ;
_c19 cm.
490 1 _aLos grandes escritores de Puerto Rico
700 1 _aArce, Carlos de.
_922446
830 0 _aLos grandes escritores de Puerto Rico
_9184786
852 4 _a BA
_jC-57165
_z. - Donativo Ateneo Puertorriqueño
999 _c174412
_d174412